1111 1472 1240 1415 1789 1750 1340 1051 1223 1120 1726 1378 1914 1240 1284 1119 1830 1370 1996 1907 1883 1266 1475 1851 1968 1571 1615 1372 1759 1805 1274 1438 1515 1174 1593 1295 1737 1699 1881 1911 1521 1540 1429 1664 1524 1230 1392 1903 1476 1419 1156 1545 1277 1105 1794 1004 1497 1450 1457 1113 1583 1780 1011 1883 1758 1557 1015 1808 1345 1450 1929 1454 1000 1351 1018 1438 1809 1576 1901 1307 1760 1573 1966 1068 1293 1450 1975 1646 1809 1431 1461 1428 1088 1089 1462 1647 1261 1998 1600 BCNSPRNW ULIB Ver.6.0+V

เปลี่ยนเป็นภาษาไทย

Change to English
 แสดงรายละเอียดบรรณานุกรม
  กลับหน้าหลัก

Brief Record : Get Marc (ISO 2709) : E-mail record : QR code < ปิดหน้าต่าง
LEADER : 00000nam 2200000uu 4500
001    13399122420
003     ULIB
008    020711s2009 th a 000 0 eng d
020    9740323045971
060  4 WY156^bS566M
100    Susan Newton
110    Mosby Elsevier
245    Mosby s Oncology Nursing Advisor A Comprehensive Guide to Clincal Practice./^cSusan Newton,Margaret Hickey,Joyce Marrs
260    St.Luis :^bMosby Elsevier,^c2009
300    537 pages
650    oncology
700    Margaret Hickey
700    Joyce Marrs
945    ^p0^l0^i029061
999    ^aกมลทิพย์ ธนสารสุธี
รายการนี้ยังไม่มีแท็ก
คุณยังไม่ได้ล็อกอิน คุณสามารถมีกิจกรรมร่วมกับเว็บไซต์ได้ แต่ต้องล็อกอินก่อน ::
  ล็อกอิน

รายการสื่อสารสนเทศ

ลำดับที่ ประเภท เลขเรียก/บาร์โค้ด สถานที่ สถานะ
1. วิทยาศาสตร์การแพทย์ และสุขภาพ
วิทยาศาสตร์การแพทย์ และสุขภาพ
WY156 S566M C.1 
  Barcode: 029061
ห้องสมุดวิทยาเขตสวรรค์ประชารักษ์
►หนังสือทั่วไป
บนชั้น

รายการใกล้เคียง
    หัวเรื่อง [oncology]

BibComment


ยังไม่เคยถูกคอมเมนท์

คอมเมนท์ทรัพยากรรายการนี้
  คอมเมนท์: Mosby s Oncology ..


 Copyright 2026. Bcnsprnw @Library